=LDR 00000nam 2200000 4500 =001 INLIS000000000025723 =005 20201130092251 =035 ##$$a 0010-061300000025723 =008 201130################g##########0#ind## =041 ##$$a ind =082 ##$$a 330.015 =090 ##$$a 330.015, GAS e =100 ##$$a Gaspersz, Vincent =245 1#$$a Ekonometrika Terapan 1 /$c Ir. Vincent Gaspersz, M. Sc. =260 ##$$a Bandung :$b Tarsito,$c 1991 =300 ##$$a x, 430 hlm. : $b ilus ; $c 21 x 15 cm. =650 #4$$a Ekonometrika =850 ##$$a NBPNMAT =084 ##$$a 330.015 GAS e =250 ##$$a cet. 1 =990 ##$$a 75.254/Pro.94 =990 ##$$a 00054970